La scoperta dell'alba / (Record no. 28955)
[ view plain ]
| 000 -LEADER | |
|---|---|
| campo di controllo lung. fissa | 02120nam a22002537i 4500 |
| 001 - Numero di controllo | |
| campo di controllo | IT\ICCU\UBO\3248861 |
| 003 - Identificatore del numero di controllo | |
| campo di controllo | ItRI |
| 005 - Data e orario dell'ultima transazione | |
| campo di controllo | 20260428192034.0 |
| 008 - Elementi di lunghezza fissa--Informazione generale | |
| campo di controllo lung. fissa | 070713s2007 it |||||| ||||| |||||c |
| 020 ## - ISBN (International Standard Book Number) | |
| ISBN (International Standard Book Number) | 9788848603577 |
| 040 ## - Fonte della catalogazione | |
| Lingua della catalogazione | ita |
| Agenzia che fa la trascrizione | Arcigay Viterbo |
| 041 #7 - Codice di lingua | |
| Codice di lingua del testo/traccia sonora o titolo separato | ita |
| Fonte del codice | ISO-639-2 |
| 082 ## - Numero di classificazione Decimale Dewey | |
| Numero di classificazione | 853.92 |
| Numero dell'edizione | 21 |
| 100 1# - Accesso principale -- nome di persona | |
| Nome di persona | Veltroni, Walter |
| Numero del record di authority o numero standard | IT\ICCU\CFIV\115592 |
| Relazione: | aut |
| 240 13 - Titolo uniforme | |
| Titolo uniforme | La scoperta dell'alba |
| 9 (RLIN) | Veltroni, Walter |
| 245 13 - Formulazione del titolo | |
| Titolo | La scoperta dell'alba / |
| Formulazione di responsabilità, ecc. | Walter Veltroni. |
| 260 ## - Pubblicazione, distribuzione, ecc. (stampa) | |
| Luogo di pubblicazione, distribuzione, ecc. | Milano : |
| Nome dell'editore, distributore, ecc. | Rizzoli, |
| Data di pubblicazione, distribuzione, ecc. | 2007 |
| 300 ## - Descrizione fisica | |
| Estensione | 150 p. ; |
| Dimensioni | 19 cm |
| 520 ## - Riassunto, ecc. | |
| Nota di riassunto, ecc. | Giovanni Astengo, poco più di quarant'anni, lavora all'Archivio di Stato, dove cataloga le vite quotidiane eppure straordinarie racchiuse nei diari di persone come tante. Ha una moglie in carriera e due figli amatissimi: Lorenzo, ventenne entusiasta e generoso, e la dolce Stella, una bambina down. E c'è una ferita non rimarginata nel suo passato: una domenica mattina, quando lui aveva tredici anni, suo padre è scomparso per sempre, senza un perché. In un'alba d'agosto, un'alba semplice, banale, senza guizzi né significati, Giovanni prova l'impulso di tornare nel casale di campagna della sua famiglia, il luogo della felicità perduta, abbandonato da decenni. Dentro c'è un telefono di bachelite. Quel vecchio oggetto dimenticato diventa lo strumento grazie al quale Giovanni riesce ad aprire un varco nella barriera del tempo per fare luce sul mistero che ha segnato la sua esistenza. Il primo romanzo di Walter Veltroni racconta la forza e lo strazio dei sentimenti; è un'imprevedibile indagine, un viaggio nella trama dei nostri giorni, intrecciata con le notizie che filtrano dai giornali e dalla televisione, e una dolorosa immersione nella storia insanguinata degli anni di piombo; è un'appassionata dichiarazione d'amore e di fede nel potere unico della letteratura e dell'invenzione fantastica: il potere di svelare il senso nascosto delle cose, e di regalarci un'impossibile consolazione. |
| 830 #0 - Accesso aggiunto di serie--titolo uniforme | |
| Titolo uniforme | Libri oro ; |
| Numero del volume/designazione di sequenza | 23 |
| Numero del record di authority o numero standard | IT\ICCU\MOD\0949859 |
| 982 #1 - EQUIVALENCE OR CROSS-REFERENCE-SERIES STATEMENT--CONFERENCE OR MEETING NAME/TITLE [LOCAL, CANADA] | |
| Collegamento | z01 |
| Nome del convegno o nome della giurisdizione come accesso | n |
| 942 ## - Dati aggiuntivi (Koha) | |
| Fonte della classificazione o dello schema di collocazione (segnatura) | Classificazione decimale Dewey |
| Tipo copia default (Koha) | Libri |
| Nasconto in Opac | No |
| 981 #1 - EQUIVALENCE OR CROSS-REFERENCE-SERIES STATEMENT--CORPORATE NAME/TITLE [LOCAL, CANADA] | |
| Collegamento | z01 |
| Nome dell'ente o nome della giurisdizione come accesso | i |
| Unità subordinata | xxxe |
| Status ritirato | Status smarrito: | Fonte della classificazione o dello schema di collocazione (segnatura) | Status danneggiato: | Escluso dal prestito | Biblioteca di appartenenza | Biblioteca corrente | Data di acquisti | Fonte di acquisto | Numero d'inventario | Totale prestiti | Collocazione | Codice a barre | Data ultima revisione | Prezzo effettivo da | Tipo copia default (Koha) | Nota pubblica |
|---|---|---|---|---|---|---|---|---|---|---|---|---|---|---|---|---|
| Classificazione decimale Dewey | VITERBO | Arcigay Viterbo - Peter Boom APS | VITERBO | Arcigay Viterbo - Peter Boom APS | 28/04/2026 | Dono di Luca Bonomi | B603 | 853.92 VEL SCO | B603 | 28/04/2026 | 28/04/2026 | Libri | Dono di Luca Bonomi |